Loading...
| Science - Chemistry | 0 | 9 | 0 | 1 | 90 | 47 | 76.33 | 0 | 7 | 22.35 | 55.43 |
| Science - Biology | 0 | 9 | 0 | 0 | 90 | 22 | 44.33 | 5 | 9 | 47.16 | 72.98 |
| Literature - World | 0 | 4 | 0 | 0 | 40 | 49 | 83.25 | 0 | 2 | 10.28 | 22.22 |
| Fine Arts - Classical Music | 0 | 5 | 2 | 1 | 40 | 49 | 75.80 | 0 | 3 | 15.51 | 27.27 |
| Mythology | 0 | 3 | 0 | 0 | 30 | 36 | 65.67 | 0 | 2 | 11.57 | 13.64 |
| Philosophy | 0 | 2 | 0 | 0 | 20 | 51 | 60.00 | 0 | 0 | 8.50 | 10.00 |
| Science - Physics | 0 | 2 | 1 | 0 | 15 | 89 | 89.50 | 0 | 0 | 2.52 | 10.10 |
| Literature - American | 0 | 1 | 0 | 0 | 10 | 37 | 37.00 | 1 | 1 | 6.14 | 9.09 |
| Literature - British | 0 | 1 | 0 | 0 | 10 | 33 | 33.00 | 1 | 1 | 6.39 | 9.09 |
| Literature - European | 0 | 1 | 0 | 0 | 10 | 40 | 40.00 | 1 | 1 | 6.16 | 9.09 |
| History - World | 0 | 1 | 0 | 0 | 10 | 33 | 33.00 | 0 | 1 | 6.46 | 4.04 |
| History - European | 0 | 1 | 0 | 0 | 10 | 41 | 41.00 | 0 | 1 | 5.57 | 6.82 |
| Religion | 0 | 3 | 4 | 0 | 10 | 67 | 86.33 | 0 | 0 | 6.06 | 6.69 |
| Geography | 0 | 1 | 0 | 1 | 10 | 101 | 101.00 | 0 | 0 | 0.00 | 2.08 |
| History - Other | 0 | 1 | 1 | 0 | 5 | 78 | 78.00 | 0 | 0 | 2.70 | 6.06 |
| Fine Arts - Other | 0 | 0 | 0 | 0 | 0 | 0.00 | 0 | 0 | 0.00 | 0.00 | |
| Fine Arts - Painting and Sculpture | 0 | 0 | 0 | 0 | 0 | 0.00 | 0 | 0 | 0.00 | 0.00 | |
| Science - Other | 0 | 1 | 3 | 1 | -5 | 110 | 110.00 | 1 | 1 | 0.00 | 2.02 |